000 00817nam a2200265 i 4500
001 C2-0218147
003 PPAK
005 20180728110628.0
008 990721s1995 enka|||| ||||| | eng d
020 _a0750624035
040 _aPPAK
_beng
_cPPAK
_erda
082 0 4 _a006.31
_2 23
090 0 0 _a006.31
_bJOH
_dR
100 1 _aJohnson, Jeffrey,
_eauthor
245 1 0 _aDesigning intelligent machines :
_bconcepts in artificial intelligence
264 1 _aOxford :
_bButterworth-Heinemann and Open University ,
_c1995
300 _axv, 376 pages :
_billustrations ;
_c25 cm
336 _2rdacontent
_atext
337 _2rdamedia
_aunmediated
338 _2rdacarrier
_avolume
500 _aVol. 2
650 1 0 _aMechatronics - Study and teaching ; Artificial intelligence
700 _eauthor
942 _ddc
_cB
999 _c161162
_d161162